000 00287nam a2200109Ia 4500
008 200302s9999 xx 000 0 und d
100 _aHarald Deilmann & Other
245 _aWohnungsbau The dwelling. L' Habitat
260 _bKarl Kramer Verlag Stuttgart
260 _c1974
300 _a176 P.,
999 _c165
_d165